[Event "Chorzow op"]
[Site "Chorzow"]
[Date "2007.03.30"]
[Round "9"]
[White "Sroka, Janusz"]
[Black "Mucha, Jozef"]
[Result "1-0"]
[WhiteElo "2110"]
[BlackElo "1880"]
[PlyCount "57"]
[EventDate "2007.03.24"]
[EventType "swiss"]
[EventRounds "9"]
[EventCountry "POL"]
[SourceTitle "EXT 2011"]
[Source "ChessBase"]
[SourceDate "2010.11.26"]
[SourceVersion "1"]
[SourceVersionDate "2010.11.26"]
[SourceQuality "1"]

1. e4 d6 2. Nc3 Nf6 3. d4 g6 4. f4 Bg7 5. Nf3 0-0 6. Bd3 Nc6 7. Be3 Ng4 8. Bg1 e5 9. d5 Nb4 10. h3 Nxd3+ 11. Qxd3 Nh6 12. fxe5 dxe5 13. Bc5 Re8 14. g4 f6 15. 0-0-0 b6 16. Be3 Nf7 17. Rdg1 a5 18. h4 Ba6 19. Qd2 Nd6 20. g5 f5 21. exf5 Nxf5 22. Ne4 Nxe3 23. Qxe3 Qxd5 24. Nf6+ Bxf6 25. gxf6 Qxa2 26. Qh6 Kf7 27. Ng5+ Kxf6 28. Qxh7 Qg8 29. Rf1+ 1-0

[Event "Chorzow op"]
[Site "Chorzow"]
[Date "2007.03.28"]
[Round "7"]
[White "Aliavdin, Nikolai"]
[Black "Mucha, Jozef"]
[Result "1-0"]
[WhiteElo "2373"]
[BlackElo "1880"]
[PlyCount "59"]
[EventDate "2007.03.24"]
[EventType "swiss"]
[EventRounds "9"]
[EventCountry "POL"]
[SourceTitle "EXT 2011"]
[Source "ChessBase"]
[SourceDate "2010.11.26"]
[SourceVersion "1"]
[SourceVersionDate "2010.11.26"]
[SourceQuality "1"]

1. d4 Nf6 2. c4 g6 3. Nc3 Bg7 4. e4 d6 5. Nf3 Bg4 6. Be2 0-0 7. Be3 Nbd7 8. 0-0 Bxf3 9. Bxf3 e5 10. dxe5 Nxe5 11. Be2 Re8 12. f3 a6 13. Qd2 Qe7 14. Bg5 c6 15. Rad1 Rad8 16. f4 Ned7 17. Qxd6 Qxd6 18. Rxd6 h6 19. Bh4 g5 20. fxg5 Nxe4 21. Nxe4 Rxe4 22. gxh6 Bf8 23. Bxd8 Bxd6 24. h7+ Kh8 25. Rxf7 Rxe2 26. Rxd7 Bc5+ 27. Kf1 Rf2+ 28. Ke1 b6 29. b4 Be3 30. Bg5 1-0